الفهرس الهجائي لكتاب المغني لابن قدامة في فقه الإمام أحمد بن حنبل / (رقم التسجيلة. 52603)

تفاصيل مارك
000 -LEADER
fixed length control field 00683nam a22002057a 4500
005 - DATE AND TIME OF LATEST TRANSACTION
control field 20251108170934.0
008 - FIXED-LENGTH DATA ELEMENTS--GENERAL INFORMATION
fixed length control field 250721s1971 xx 000 0 ara d
082 14 - DEWEY DECIMAL CLASSIFICATION NUMBER
Classification number م/217.5/محم
100 1# - MAIN ENTRY--PERSONAL NAME
Personal name الأشقر، محمد سليمان
Relator term محرر
245 10 - TITLE STATEMENT
Title الفهرس الهجائي لكتاب المغني لابن قدامة في فقه الإمام أحمد بن حنبل /
264 1# - PRODUCTION, PUBLICATION, DISTRIBUTION, MANUFACTURE, AND COPYRIGHT NOTICE
Place of production, publication, distribution, manufacture بيروت :
Name of producer, publisher, distributor, manufacturer دار البحوث العلمية،
Date of production, publication, distribution, manufacture, or copyright notice 1971.
300 ## - PHYSICAL DESCRIPTION
Extent 141ص
490 0# - SERIES STATEMENT
Series statement الفهرس الهجائي
650 17 - SUBJECT ADDED ENTRY--TOPICAL TERM
Topical term or geographic name as entry element الإسلام
650 17 - SUBJECT ADDED ENTRY--TOPICAL TERM
Topical term or geographic name as entry element فقه
650 17 - SUBJECT ADDED ENTRY--TOPICAL TERM
Topical term or geographic name as entry element فهارس
650 17 - SUBJECT ADDED ENTRY--TOPICAL TERM
Topical term or geographic name as entry element المذهب الحنبلي
942 ## - ADDED ENTRY ELEMENTS (KOHA)
Source of classification or shelving scheme Dewey Decimal Classification
Koha item type كتب
المقتنيات
حالة السحب حالة الفقدان مصدر التصنيف حالة التلف غير قابل للإعارة المكتبة الرئيسية المكتبة الحالية موقع الرف تاريخ التزويد الرقم المتسلسل Total Checkouts رقم الإستدعاء الباركود تاريخ آخر ظهور تاريخ الفاتورة نوع المادة (كوها)
    Dewey Decimal Classification     مكتبة حمزة العامة مكتبة حمزة العامة الإعارة 26/11/2015 [1719]......   م/217.5/محم PLD00367083 28/07/2025 26/11/2015 كتب
Implemented & Customized by: BBB with SCIT (Smart Chains for Information Technology)

Powered by Koha